LEADER 00885cam2 22002531 450 001 SOBE00034635 005 20231218111115.0 100 $a20130626h1968 |||||ita|0103 ba 101 $aita 102 $aIT 200 1 $a<<15: I >>Maccabei$elibro primo$fversione, introduzione, note di Adalberto Sisti 210 $aCinisello Balsamo$cEdizioni paoline$d1968 215 $a325 p.$d18 cm 461 1$1001SOBE00034191$12001 $aNuovissima versione della Bibbia dai testi originali 702 1$aSisti, Adalberto$3SOBA00007496$4070 801 0$aIT$bUNISOB$c20231218$gRICA 850 $aUNISOB 852 $aUNISOB$j200|Coll|8|K$m28649 912 $aSOBE00034635 940 $aM 102 Monografia moderna SBN 941 $aM 957 $a200|Coll|8|K$b000027$i-1$gSI$d28649$1catenacci$2UNISOB$3UNISOB$420130626123547.0$520231218111115.0$6Spinosa 996 $aMaccabei$91714950 997 $aUNISOB